UBT Library

Death and dying, life and living / (Record no. 43321)

000 -LEADER
fixed length control field 00761cam a2200253 a 4500
001 - CONTROL NUMBER
control field 12752501
005 - DATE AND TIME OF LATEST TRANSACTION
control field 20180223083607.0
008 - FIXED-LENGTH DATA ELEMENTS--GENERAL INFORMATION
fixed length control field 020424s2003 caua b 001 0 eng
010 ## - LIBRARY OF CONGRESS CONTROL NUMBER
LC control number 2002105824
020 ## - INTERNATIONAL STANDARD BOOK NUMBER
International Standard Book Number 0534575684
020 ## - INTERNATIONAL STANDARD BOOK NUMBER
International Standard Book Number 0534558194 (t.p. verso)
035 ## - SYSTEM CONTROL NUMBER
System control number (DLC) 2002105824
040 ## - CATALOGING SOURCE
Original cataloging agency DLC
Transcribing agency DLC
Modifying agency DLC
041 ## - LANGUAGE CODE
Language code of text/sound track or separate title eng
080 ## - UNIVERSAL DECIMAL CLASSIFICATION NUMBER
Universal Decimal Classification number 428.24
082 ## - DEWEY DECIMAL CLASSIFICATION NUMBER
Edition number 428.24 COR
100 1# - Rafti
Rafti 24
101 ## - Shkurtesa
Shkurtesa TEO
245 10 - TITLE STATEMENT
Title Death and dying, life and living /
Statement of responsibility, etc Charles A. Corr, Clyde M. Nabe, Donna M. Corr.
504 ## - BIBLIOGRAPHY, ETC. NOTE
Bibliography, etc Includes bibliographical references (p. 579-631) and indexes.
906 ## - LOCAL DATA ELEMENT F, LDF (RLIN)
a 7
b cbc
c orignew
d 3
e epcn
f 20
g y-gencatlg
942 ## - ADDED ENTRY ELEMENTS (KOHA)
Source of classification or shelving scheme
Item type Books
Holdings
Withdrawn status Lost status Source of classification or shelving scheme Damaged status Not for loan Collection code Permanent location Current location Shelving location Date acquired Total Checkouts Full call number Barcode Date last seen Price effective from Koha item type
          Koleksioni i përgjithshem UBT - Lipjan UBT - Lipjan Koleksioni i përgjithshem 02/23/2018   428.24 COR 002-2999679 02/23/2018 02/23/2018 Books
UBT Library © 2015-2024. All rights reserved University Education for Business and Technology